Statistiche per Trasferimenti più costosi - Brasile

Clicka qui per fare il quiz!

Statistiche generali

  • Questo quiz è stato fatto 50 volte
  • Il punteggio medio è 16 su 21

Statistiche sulle risposte

Costo (M €)DaAAnnoCalciatore% Corretto
222BarcellonaParis-Saint Germain2017Neymar
100%
88SantosBarcellona2013Neymar
100%
45FlamengoReal Madrid2018Vinicius Jr
93%
62,50RomaLiverpool2018Alisson
91%
95AjaxManchester United2022Antony
91%
70,65Real MadridManchester United2022Casemiro
91%
67MilanReal Madrid2009Kakà
91%
135LiverpoolBarcellona2018Philippe Coutinho
89%
45InterReal Madrid2002Ronaldo
89%
45SantosReal Madrid2019Rodrygo
84%
60ChelseaShanghai Port2017Oscar
80%
52,20Manchester CityArsenal2022Gabriel Jesus
77%
58LeedsBarcellona2022Raphinha
77%
55,80ZenitShanghai Port2016Hulk
75%
58EvertonTottenham2022Richarlison
75%
50PortoReal Madrid2019Éder Militão
70%
76BarcellonaJuventus2020Arthur Melo
64%
49,50ChelseaParis-Saint Germain2014David Luiz
64%
59Shakhtar DonetskManchester United2018Fred
64%
45MonacoLiverpool2018Fabinho
61%
50Shakhtar DonestkJiangsu FC2016Alex Teixeira
2%

Distribuzione punteggi

Percentile per numero di risposta

Percentuale di utenti per punteggio

I tuoi punteggi nel tempo

Non hai fatto questo quiz